Proton transfer in bioenergetic proteins

Elmentve itt :
Bibliográfiai részletek
Szerző: Maróti Ágnes
További közreműködők: Bereczki Csaba (Témavezető)
Dokumentumtípus: Disszertáció
Megjelent: 2015-06-01
Tárgyszavak:
doi:10.14232/phd.2578

mtmt:3027161
Online Access:http://doktori.ek.szte.hu/2578
LEADER 00947nta a2200229 i 4500
001 dokt2578
005 20200421112214.0
008 150325s2015 hu om 0|| eng d
024 7 |a 10.14232/phd.2578  |2 doi 
024 7 |a 3027161  |2 mtmt 
040 |a SZTE Doktori Repozitórium  |b hun 
041 |a eng 
100 1 |a Maróti Ágnes 
245 1 0 |a Proton transfer in bioenergetic proteins  |h [elektronikus dokumentum] /  |c  Maróti Ágnes 
246 1 0 |a Protontranszport fehérjékben  |h [elektronikus dokumentum] 
260 |c 2015-06-01 
502 |a Disszertacio 
650 4 |a klinikai orvostudományok 
700 1 |a Bereczki Csaba  |e ths 
856 4 0 |u https://doktori.bibl.u-szeged.hu/id/eprint/2578/15/Dissertation.pdf  |z Dokumentum-elérés  
856 4 0 |u https://doktori.bibl.u-szeged.hu/id/eprint/2578/3/Thesis%20%28angol%29.pdf  |z Dokumentum-elérés  
856 4 0 |u https://doktori.bibl.u-szeged.hu/id/eprint/2578/2/T%C3%A9zisek%20%28magyar%29.pdf  |z Dokumentum-elérés